<?xml version="1.0" encoding="UTF-8"?>
<record
    xmlns:xsi="http://www.w3.org/2001/XMLSchema-instance"
    xsi:schemaLocation="http://www.loc.gov/MARC21/slim http://www.loc.gov/standards/marcxml/schema/MARC21slim.xsd"
    xmlns="http://www.loc.gov/MARC21/slim">

  <leader>01274nas a2200169   4500</leader>
  <controlfield tag="001">8782</controlfield>
  <controlfield tag="005">20181127190721.0</controlfield>
  <datafield tag="245" ind1="0" ind2="0">
    <subfield code="a">Rig tshoel :</subfield>
    <subfield code="b">research journal of the Royal Thimphu College /</subfield>
    <subfield code="c"></subfield>
  </datafield>
  <datafield tag="260" ind1="0" ind2="0">
    <subfield code="a">Thimphu Bhutan ;</subfield>
    <subfield code="b">Royal Thimphu College,</subfield>
    <subfield code="c">2018.</subfield>
  </datafield>
  <datafield tag="300" ind1="0" ind2="0">
    <subfield code="a">110 pages ; 24 cm.</subfield>
  </datafield>
  <datafield tag="310" ind1=" " ind2=" ">
    <subfield code="a">Annual. </subfield>
    <subfield code="b"></subfield>
  </datafield>
  <datafield tag="500" ind1="0" ind2="0">
    <subfield code="a">Journal of Research of the Royal Thimphu College.</subfield>
  </datafield>
  <datafield tag="505" ind1=" " ind2=" ">
    <subfield code="a">CONTENT: Foreword -- Editorial -- Assessing  sustainability of Ecotourism Ventures in Bhutan --  Changing Patterns of cattle herding in the Dorokha  Region,Bhutan -- Cultural Wisdom and sustainable  Development in Satsam Chorteon -- Analysis of Trend of  Spatial and temporal Characteristics of Temperature:A  case study of Teesta-Dikchu Watershed,Sikkim --Glimpses  into Pre-Christian Mizo pasts as seen through folktales - - Exotic Blossom or Cosmopolitan Victorian?Toru Dutt and  Fin-de-Siecle London and calcutta -- Central America's  "Failling" Democracies:The case of Honduras -- The early  history of Contemporary Arts in Bhutan -- Changing Socio- spatial structures and growing urban issues in the Quest  of making Thimphu a Dream city.</subfield>
    <subfield code="g"></subfield>
    <subfield code="r"></subfield>
    <subfield code="t"></subfield>
  </datafield>
  <datafield tag="650" ind1="0" ind2="0">
    <subfield code="a">Sustainability.</subfield>
    <subfield code="x"></subfield>
  </datafield>
  <datafield tag="650" ind1="0" ind2="0">
    <subfield code="a">Sustainable development.</subfield>
    <subfield code="x"></subfield>
  </datafield>
  <datafield tag="710" ind1=" " ind2=" ">
    <subfield code="a">Royal Thimphu College.</subfield>
    <subfield code="b"></subfield>
    <subfield code="c"></subfield>
    <subfield code="d"></subfield>
    <subfield code="e"></subfield>
    <subfield code="n"></subfield>
    <subfield code="o"></subfield>
    <subfield code="p"></subfield>
    <subfield code="r"></subfield>
    <subfield code="s"></subfield>
    <subfield code="t"></subfield>
  </datafield>
  <datafield tag="999" ind1=" " ind2=" ">
    <subfield code="c">7614</subfield>
    <subfield code="d">7614</subfield>
  </datafield>
  <datafield tag="952" ind1=" " ind2=" ">
    <subfield code="0">0</subfield>
    <subfield code="1">0</subfield>
    <subfield code="4">0</subfield>
    <subfield code="7">0</subfield>
    <subfield code="8">PERIODICALS </subfield>
    <subfield code="a">RTCLIB</subfield>
    <subfield code="b">RTCLIB</subfield>
    <subfield code="c">PERIODICALS </subfield>
    <subfield code="d">2021-05-28</subfield>
    <subfield code="h"> </subfield>
    <subfield code="i">13285</subfield>
    <subfield code="l">4</subfield>
    <subfield code="o">   v.1/n.1 2018SERIALS</subfield>
    <subfield code="p">30011685</subfield>
    <subfield code="r">2024-06-18 00:00:00</subfield>
    <subfield code="s">2024-06-06</subfield>
    <subfield code="t">1</subfield>
    <subfield code="w">2018-11-27</subfield>
    <subfield code="y">PERIODICAL</subfield>
  </datafield>
  <datafield tag="952" ind1=" " ind2=" ">
    <subfield code="0">0</subfield>
    <subfield code="1">0</subfield>
    <subfield code="4">0</subfield>
    <subfield code="7">0</subfield>
    <subfield code="8">PERIODICALS </subfield>
    <subfield code="a">RTCLIB</subfield>
    <subfield code="b">RTCLIB</subfield>
    <subfield code="c">PERIODICALS </subfield>
    <subfield code="h"> </subfield>
    <subfield code="i">10386</subfield>
    <subfield code="l">1</subfield>
    <subfield code="o">   v.1/n.1 2018SERIALS</subfield>
    <subfield code="p">30013101</subfield>
    <subfield code="r">2019-08-06 00:00:00</subfield>
    <subfield code="s">2019-08-06</subfield>
    <subfield code="t">2</subfield>
    <subfield code="w">2018-11-27</subfield>
    <subfield code="y">PERIODICAL</subfield>
  </datafield>
  <datafield tag="952" ind1=" " ind2=" ">
    <subfield code="0">0</subfield>
    <subfield code="1">0</subfield>
    <subfield code="2">ddc</subfield>
    <subfield code="4">0</subfield>
    <subfield code="7">0</subfield>
    <subfield code="8">SPECIAL COLLECTIONS</subfield>
    <subfield code="a">RTCLIB</subfield>
    <subfield code="b">RTCLIB</subfield>
    <subfield code="c">SPECIAL COLLECTIONS</subfield>
    <subfield code="d">2021-04-01</subfield>
    <subfield code="h"> </subfield>
    <subfield code="i">13287</subfield>
    <subfield code="l">5</subfield>
    <subfield code="m">3</subfield>
    <subfield code="o"> v.1/n.1 2018SERIALS</subfield>
    <subfield code="p">30013738</subfield>
    <subfield code="r">2021-08-11 00:00:00</subfield>
    <subfield code="s">2021-07-02</subfield>
    <subfield code="t">3</subfield>
    <subfield code="w">2018-11-27</subfield>
    <subfield code="y">SPCOLL</subfield>
  </datafield>
  <datafield tag="952" ind1=" " ind2=" ">
    <subfield code="0">0</subfield>
    <subfield code="1">0</subfield>
    <subfield code="4">0</subfield>
    <subfield code="7">0</subfield>
    <subfield code="8">PERIODICALS </subfield>
    <subfield code="a">RTCLIB</subfield>
    <subfield code="b">RTCLIB</subfield>
    <subfield code="c">PERIODICALS </subfield>
    <subfield code="h"> </subfield>
    <subfield code="i">13288</subfield>
    <subfield code="l">0</subfield>
    <subfield code="o"> v.1/n.1 2018SERIALS</subfield>
    <subfield code="p">30013711</subfield>
    <subfield code="r">2018-11-27 00:00:00</subfield>
    <subfield code="t">4</subfield>
    <subfield code="w">2018-11-27</subfield>
    <subfield code="y">PERIODICAL</subfield>
  </datafield>
  <datafield tag="952" ind1=" " ind2=" ">
    <subfield code="0">0</subfield>
    <subfield code="1">0</subfield>
    <subfield code="4">0</subfield>
    <subfield code="7">0</subfield>
    <subfield code="8">PERIODICALS </subfield>
    <subfield code="a">RTCLIB</subfield>
    <subfield code="b">RTCLIB</subfield>
    <subfield code="c">PERIODICALS </subfield>
    <subfield code="h"> </subfield>
    <subfield code="i">13289</subfield>
    <subfield code="l">0</subfield>
    <subfield code="o"> v.1/n.1 2018SERIALS</subfield>
    <subfield code="p">30013243</subfield>
    <subfield code="r">2018-11-27 00:00:00</subfield>
    <subfield code="t">5</subfield>
    <subfield code="w">2018-11-27</subfield>
    <subfield code="y">PERIODICAL</subfield>
  </datafield>
</record>
